Statistics for Economics: Topic 9, Year 1 Definitions

Click here to take the quiz!

General Stats

  • This quiz has been taken 21 times
  • The average score is 4 of 31

Answer Stats

DefinitionAnswer% Correct
Responsible for managing the monetary system in an economy.Central Bank
44%
Refers to actions taken by the government (or the central bank acting on its behalf) to manipulate interest rates, the supply of money and credit, and the exchange rate to achieve its macroeconomic objectives.Monetary Policy
44%
Refers to the government's manipulation of the expenditure, taxation and the budget balance to manage the economy.Fiscal Policy
33%
An organisation formed with the objective of enhacing and protecting the working conditions and economic position of its members.Trade Unions
33%
Describes government policies to reduce expenditure and increase revenues from taxation during periods of budget defecits.Austerity
22%
A general term for borrowing. It is money that a bank or other organisations allows a person or organisation to use and to reoay at a later date.Credit
22%
The total of all past government borrowing that has never been repaid.National Debt
22%
The transfer of state-owned organisations to the private sector, where they are owned by individuals and private firms.Privatisation
22%
A payment that has to be made to the government or other authority by households, firms or other organisations.Taxation
22%
The rate of interest at which the Bank of England is willing to lend short term to other financial institutions such as commercial banks.Bank Rate
11%
Occurs when workers cannot move freely to take employment in a new location.Geographical Immobility
11%
Refers to the basic facilities available to a society that support economic activity, such as transport and communication links as well as supplies of power and water.Infrastructure
11%
Measures the proportion of a business's assets that are held in a form that can be easily converted into cash.Liquidity
11%
A group of nine experts in monetary issues who meet monthly to make a decision on the UK's bank rate.Monetary Policy Committee
11%
Exists when workers cannot transfer easily to employment in a different type of job.Occupational Immobility
11%
Intended to increase aggregate supply by improving the effectiveness of markets.Supply-side Policies
11%
The UK government's economic and finance ministry responsible for public spending and for setting the direction of the UK's economic policy.The Treasury
11%
The elements of fiscal policy that occur independently as the economy moves through its economic cycle.Automatic Stabilisers
0%
The difference between government spending and revenue over the financial year.Budget Balance
0%
Provide a wide range of financial services to individuals, firms and other organisations with the intention of making a profit.Commercial Banks
0%
The use of macroeconomic policies to manipulate an economy's level of aggregate demand.Demand Management
0%
The reduction of the extent of state or government control over a business activity.Deregulation
0%
The deliberate manipulation of the budget to achieve macroeconomic aims.Discretionary Fiscal Policy
0%
Equal to a household's disposable income minus expenditure on essential items including housing costs and food.Discretionary Income
0%
Occurs when inflation results in taxpayers receiving higher incomes and moving into higher income tax bands - hence paying a higher percentage of income as tax.Fiscal Drag
0%
Refers to funds that flow between financial markets as investors attempt to earn the highest short-term interest rates possible.Hot Money
0%
Refers to government intervention that seeks to support or develop some industries to enhance economic growth.Industrial Policy
0%
The tools available to a central bank to influence money market and credit conditions in the economy, such as changing interest rates.Monetary Policy Instruments
0%
The rate of interest adjusted for inflation to show the true cost of borrowing money.Real Interest Rate
0%
Actions taken by trade unions to limit the freedom of businesses to take decisions regarding the use of labour in production.Restrictive Practices
0%
Actions taken, primarily by firms, to increase the efficiency of their operations and thereby raise output.Supply-side Improvements
0%

Score Distribution

Percentile by Number Answered

Percent of People with Each Score

Your Score History

You have not taken this quiz